000 00678nam a2200241Ia 4500
003 OSt
005 20220925164620.0
006 a|||||r|||| 00| 0
007 ta
008 220923b |||||||| |||| 00| 0 eng d
037 _cGeneral Book
040 _aRTL
_cRTL
_beng
041 _2eng
_aeng
082 _aW:5, N1
100 _aWinfield Richard Dien
_935034
245 0 _aFreedom and modernity
260 _aAlbany
_bState University of New York Press
_c1991
300 _axvi,313p
_ccm.
490 _aSUNY Series in Philosophy
650 _aFundamental Rights
_9230797
942 _hW:5, N1
_cGB
_2CC
999 _c475546
_d475546